[Event "chess.com Speed 3m+1spm 2018"]
[Site "chess.com INT"]
[Date "2018.08.02"]
[Round "1.12"]
[White "Dominguez Perez, Leinier"]
[Black "Vachier-Lagrave, Maxime"]
[Result "0-1"]
[WhiteTitle "GM"]
[BlackTitle "GM"]
[WhiteElo "2739"]
[BlackElo "2779"]
[WhiteFideId "3503240"]
[BlackFideId "623539"]
[EventDate "2018.07.24"]

1. d4 Nf6 2. Nf3 g6 3. e3 Bg7 4. Be2 O-O 5. O-O b6 6. c4 Bb7 7. Nc3 e6 8. Qc2 d5
9. cxd5 Nxd5 10. Nxd5 exd5 11. b4 Nd7 12. a4 a5 13. b5 Re8 14. Ba3 Rc8 15. Rac1
Re6 16. Qb3 Bf8 17. Rc2 Bd6 18. Rfc1 Nf6 19. Bxd6 cxd6 20. Rxc8 Bxc8 21. Qc2 Re8
22. Qc7 Bf5 23. h3 Qxc7 24. Rxc7 Rc8 25. Rxc8+ Bxc8 26. Nd2 Kf8 27. g4 Ng8 28.
f3 f5 29. Kh2 Kf7 30. g5 f4 31. exf4 Ne7 32. Kg1 Bf5 33. Bd1 Bd3 34. Kf2 Nf5 35.
Nb3 Bc4 36. Bc2 Bxb3 37. Bxb3 Ke6 38. Bd1 Nxd4 39. Ke3 Nf5+ 40. Kd3 Ne7 41. Bb3
Kf5 42. Ke3 d4+ 43. Kxd4 Kxf4 44. h4 Kxf3 45. Bf7 Kg4 46. Ke4 Kxh4 47. Kf4 Kh5
48. Be6 Kh4 49. Bg4 Nd5+ 50. Ke4 Nc3+ 51. Kf4 Nxa4 52. Be6 Nc3 53. Bg8 a4 54.
Bxh7 a3 0-1

[Event "chess.com Speed 3m+1spm 2018"]
[Site "chess.com INT"]
[Date "2018.08.02"]
[Round "1.13"]
[White "Vachier-Lagrave, Maxime"]
[Black "Dominguez Perez, Leinier"]
[Result "1-0"]
[WhiteTitle "GM"]
[BlackTitle "GM"]
[WhiteElo "2779"]
[BlackElo "2739"]
[WhiteFideId "623539"]
[BlackFideId "3503240"]
[EventDate "2018.07.24"]

1. e4 e5 2. Nf3 Nc6 3. Bc4 Bc5 4. O-O Nf6 5. d3 d6 6. c3 O-O 7. Re1 Ne7 8. d4
Bb6 9. a4 a5 10. Be3 Nxe4 11. dxe5 Bxe3 12. Rxe3 d5 13. Bxd5 Nc5 14. Bb3 Be6 15.
Qxd8 Raxd8 16. Bxe6 fxe6 17. Na3 Nd5 18. Re2 Nf4 19. Rc2 Nxa4 20. Nc4 b6 21. g3
Nd5 22. Nd4 Nc5 23. f4 a4 24. Re2 Nb3 25. Nxb3 axb3 26. Ra3 Ra8 27. Rxb3 Ra1+
28. Kg2 Rfa8 29. Ne3 Nxe3+ 30. Rxe3 Rd8 31. Re2 Ra4 32. Kf2 Kf7 33. Ke3 Kg6 34.
Rb4 Rxb4 35. cxb4 Kf5 36. Rc2 Rd7 37. h3 h5 38. h4 g6 39. Rc3 Re7 40. b5 Rd7 41.
b4 Kg4 42. Ke4 Rd5 43. Rc6 Rxb5 44. Rxe6 Rxb4+ 45. Kd5 Rb5+ 46. Kc6 Rc5+ 47. Kd7
Kxg3 48. Rf6 Rd5+ 49. Kxc7 b5 50. e6 Rd2 51. e7 Re2 52. Kd7 1-0

[Event "chess.com Speed 3m+1spm 2018"]
[Site "chess.com INT"]
[Date "2018.08.02"]
[Round "1.14"]
[White "Dominguez Perez, Leinier"]
[Black "Vachier-Lagrave, Maxime"]
[Result "0-1"]
[WhiteTitle "GM"]
[BlackTitle "GM"]
[WhiteElo "2739"]
[BlackElo "2779"]
[WhiteFideId "3503240"]
[BlackFideId "623539"]
[EventDate "2018.07.24"]

1. d4 Nf6 2. Nf3 g6 3. e3 Bg7 4. Be2 O-O 5. O-O c5 6. dxc5 Qc7 7. c4 Qxc5 8. Nc3
Nc6 9. e4 d6 10. Be3 Qa5 11. Nd4 Nxd4 12. Bxd4 Be6 13. Rc1 Rfc8 14. b3 Nd7 15.
Bxg7 Kxg7 16. Qd2 a6 17. f4 Nf6 18. Bf3 Rab8 19. Kh1 b5 20. f5 Bd7 21. fxg6 hxg6
22. Be2 bxc4 23. Bxc4 Qe5 24. Qf4 Qxf4 25. Rxf4 Bb5 26. Nd5 Bxc4 27. Nxe7 Rc7
28. Nd5 Bxd5 29. Rxc7 Bxe4 30. h3 Rb6 31. Kh2 d5 32. g4 g5 33. Rf2 Rd6 34. b4 d4
35. a4 d3 36. Rd2 Bg6 37. Rc3 Rd4 38. b5 Rxa4 0-1

[Event "chess.com Speed 3m+1spm 2018"]
[Site "chess.com INT"]
[Date "2018.08.02"]
[Round "1.15"]
[White "Vachier-Lagrave, Maxime"]
[Black "Dominguez Perez, Leinier"]
[Result "0-1"]
[WhiteTitle "GM"]
[BlackTitle "GM"]
[WhiteElo "2779"]
[BlackElo "2739"]
[WhiteFideId "623539"]
[BlackFideId "3503240"]
[EventDate "2018.07.24"]

1. c4 e6 2. Nc3 d5 3. d4 Nf6 4. cxd5 Nxd5 5. Nf3 c5 6. e4 Nxc3 7. bxc3 cxd4 8.
cxd4 Bb4+ 9. Bd2 Bxd2+ 10. Qxd2 O-O 11. Bc4 Nd7 12. O-O b6 13. Rfe1 Bb7 14. Rad1
Rc8 15. Bb3 Re8 16. h3 Nf6 17. Qf4 Qc7 18. Ne5 Re7 19. Rc1 Qd6 20. Rxc8+ Bxc8
21. Ng6 Qxf4 22. Nxf4 Bb7 23. f3 Rc7 24. g4 g5 25. Nd3 Kf8 26. Kf2 Nd7 27. h4 h6
28. hxg5 hxg5 29. Rh1 Rc3 30. Nb2 b5 31. Rh5 a5 32. Rxg5 a4 33. Rxb5 axb3 34.
Rxb3 Rc2+ 35. Ke3 Ba6 36. a3 e5 37. Nd3 Bc4 38. Rb7 Rc3 39. Rxd7 Rxd3+ 40. Kf2
exd4 41. a4 Be6 42. Rd6 Ke7 43. e5 Re3 44. Rxd4 Rxe5 45. Kg3 Ra5 46. f4 Bd7 47.
Re4+ Kf8 48. f5 Bxa4 49. Kf4 Bc6 50. Rc4 Ra4 51. Rxa4 Bxa4 52. g5 Ke7 53. Ke5
Bc2 54. Kf4 Kd6 55. Kg3 Bxf5 0-1

[Event "chess.com Speed 3m+1spm 2018"]
[Site "chess.com INT"]
[Date "2018.08.02"]
[Round "1.16"]
[White "Dominguez Perez, Leinier"]
[Black "Vachier-Lagrave, Maxime"]
[Result "1/2-1/2"]
[WhiteTitle "GM"]
[BlackTitle "GM"]
[WhiteElo "2739"]
[BlackElo "2779"]
[WhiteFideId "3503240"]
[BlackFideId "623539"]
[EventDate "2018.07.24"]

1. d4 Nf6 2. Nf3 g6 3. e3 Bg7 4. Be2 O-O 5. O-O d6 6. c4 Bf5 7. Nc3 a5 8. Bd3
Bxd3 9. Qxd3 Nbd7 10. e4 e5 11. d5 Nc5 12. Qc2 Nfd7 13. b3 f5 14. Rb1 fxe4 15.
Ng5 Qf6 16. Ngxe4 Nxe4 17. Nxe4 Qf5 18. Be3 Nf6 19. f3 b6 20. a3 Nxe4 21. Qxe4
Qxe4 22. fxe4 Rxf1+ 23. Rxf1 Rf8 24. Rxf8+ Kxf8 25. g4 Bf6 26. b4 axb4 27. axb4
Ke8 28. Kf1 Kd7 29. Ke2 Bd8 30. Kd3 c6 31. dxc6+ Kxc6 32. b5+ Kd7 33. Ke2 Ke6
34. Kf3 g5 35. Kg3 h6 36. h4 Kd7 37. hxg5 hxg5 38. Kf3 Ke6 1/2-1/2

[Event "chess.com Speed 3m+1spm 2018"]
[Site "chess.com INT"]
[Date "2018.08.02"]
[Round "1.17"]
[White "Vachier-Lagrave, Maxime"]
[Black "Dominguez Perez, Leinier"]
[Result "1-0"]
[WhiteTitle "GM"]
[BlackTitle "GM"]
[WhiteElo "2779"]
[BlackElo "2739"]
[WhiteFideId "623539"]
[BlackFideId "3503240"]
[EventDate "2018.07.24"]

1. e4 d6 2. d4 Nf6 3. Nc3 g6 4. Bf4 c6 5. Qd2 Bg7 6. Bh6 Bxh6 7. Qxh6 Qa5 8. Bd3
c5 9. d5 Nbd7 10. Nf3 b5 11. Bxb5 Rb8 12. Bxd7+ Bxd7 13. O-O Rxb2 14. e5 Qxc3
15. exf6 Qxf6 16. Rab1 Rb6 17. Nd2 Kd8 18. Nc4 Rb4 19. Qd2 Kc7 20. Rxb4 cxb4 21.
Qxb4 Rb8 22. Qa5+ Kc8 23. Qxa7 Rb7 24. Qa8+ Rb8 25. Nb6+ 1-0

[Event "chess.com Speed 3m+1spm 2018"]
[Site "chess.com INT"]
[Date "2018.08.02"]
[Round "1.18"]
[White "Dominguez Perez, Leinier"]
[Black "Vachier-Lagrave, Maxime"]
[Result "1-0"]
[WhiteTitle "GM"]
[BlackTitle "GM"]
[WhiteElo "2739"]
[BlackElo "2779"]
[WhiteFideId "3503240"]
[BlackFideId "623539"]
[EventDate "2018.07.24"]

1. e4 c5 2. Nf3 d6 3. d4 cxd4 4. Nxd4 Nf6 5. Nc3 a6 6. h3 e5 7. Nde2 b5 8. Ng3
Nbd7 9. Bg5 h6 10. Be3 Bb7 11. Bd3 h5 12. Bg5 g6 13. O-O Be7 14. a3 h4 15. Nge2
Nc5 16. Bxf6 Bxf6 17. b4 Ne6 18. a4 bxa4 19. Rxa4 O-O 20. Bc4 Nd4 21. Bd5 Bxd5
22. Nxd5 Bg7 23. c3 Ne6 24. Qd3 f5 25. Rxa6 fxe4 26. Qc4 Rxa6 27. Qxa6 Kh7 28.
Qc4 Ng5 29. b5 Rf3 30. gxf3 Qd7 31. f4 Nf3+ 32. Kg2 Nd2 33. Qc7 Qxb5 34. Nf6+
Kh6 35. Ng4+ Kh7 36. c4 Qb3 37. Nf6+ Kh6 38. Ng4+ Kh7 39. Ne3 Nxf1 40. Kxf1 Qb1+
41. Kg2 Qd3 42. fxe5 Qxe2 43. e6 Qf3+ 44. Kg1 Kh6 45. e7 Bd4 46. e8=Q Bxe3 47.
Qh8+ Kg5 48. Qe7+ 1-0

[Event "chess.com Speed 3m+1spm 2018"]
[Site "chess.com INT"]
[Date "2018.08.02"]
[Round "1.19"]
[White "Vachier-Lagrave, Maxime"]
[Black "Dominguez Perez, Leinier"]
[Result "0-1"]
[WhiteTitle "GM"]
[BlackTitle "GM"]
[WhiteElo "2779"]
[BlackElo "2739"]
[WhiteFideId "623539"]
[BlackFideId "3503240"]
[EventDate "2018.07.24"]

1. d4 Nf6 2. c4 e6 3. Nf3 d5 4. Nc3 c5 5. cxd5 Nxd5 6. e4 Nxc3 7. bxc3 cxd4 8.
cxd4 Bb4+ 9. Bd2 Bxd2+ 10. Qxd2 O-O 11. Bc4 Nd7 12. O-O b6 13. Rfe1 Bb7 14. Rad1
Rc8 15. Bb3 Re8 16. h4 Nf6 17. Qf4 Qc7 18. Ne5 Re7 19. Rc1 Qd6 20. Rxc8+ Bxc8
21. Ng6 Qxf4 22. Nxf4 Bb7 23. f3 Rc7 24. g4 Rc3 25. Kf2 Kf8 26. g5 Nd7 27. Ne2
Rc7 28. Ke3 b5 29. Rc1 Rxc1 30. Nxc1 Ke7 31. Nd3 a5 32. f4 h6 33. h5 f6 34. g6
b4 35. Ba4 Nb6 36. Nc5 Nxa4 37. Nxa4 Bc6 38. Nc5 Bb5 39. Nb3 a4 40. Nd2 Kd6 41.
e5+ fxe5 42. dxe5+ Kd5 43. Ne4 b3 44. axb3 axb3 45. Nc3+ Kc4 46. Nd1 Bc6 47. f5
exf5 48. e6 Kd5 49. e7 Ke6 50. Kf4 Kxe7 0-1

[Event "chess.com Speed 1m+1spm 2018"]
[Site "chess.com INT"]
[Date "2018.08.02"]
[Round "1.20"]
[White "Dominguez Perez, Leinier"]
[Black "Vachier-Lagrave, Maxime"]
[Result "1/2-1/2"]
[WhiteTitle "GM"]
[BlackTitle "GM"]
[WhiteElo "2739"]
[BlackElo "2779"]
[WhiteFideId "3503240"]
[BlackFideId "623539"]
[EventDate "2018.07.24"]

1. d4 Nf6 2. Nf3 g6 3. e3 Bg7 4. Be2 O-O 5. O-O d5 6. b4 a5 7. b5 c5 8. bxc6
Nxc6 9. a4 Bf5 10. c3 Re8 11. Na3 e5 12. Nb5 Rc8 13. Ba3 Ne4 14. Qb3 exd4 15.
cxd4 Bg4 16. Rfc1 Qd7 17. h3 Be6 18. Qd1 h6 19. Rab1 g5 20. Nd2 Nxd2 21. Qxd2
Bf8 22. Bxf8 Rxf8 23. Qb2 Nb4 24. Nc3 Rc7 25. Bb5 Qe7 26. Na2 Rxc1+ 27. Rxc1 Rc8
28. Rxc8+ Bxc8 29. Nxb4 axb4 30. Qb3 Be6 31. Kf1 Qd6 32. Ke1 Kg7 33. Bf1 h5 34.
g3 h4 35. g4 Kf6 36. Be2 Qh2 37. Bf1 Qd6 38. Be2 Kg7 39. Bf1 1/2-1/2

[Event "chess.com Speed 1m+1spm 2018"]
[Site "chess.com INT"]
[Date "2018.08.02"]
[Round "1.21"]
[White "Vachier-Lagrave, Maxime"]
[Black "Dominguez Perez, Leinier"]
[Result "1-0"]
[WhiteTitle "GM"]
[BlackTitle "GM"]
[WhiteElo "2779"]
[BlackElo "2739"]
[WhiteFideId "623539"]
[BlackFideId "3503240"]
[EventDate "2018.07.24"]

1. e4 Nf6 2. e5 Nd5 3. d4 d6 4. Nf3 dxe5 5. Nxe5 c6 6. Nf3 Bg4 7. Be2 Nd7 8. O-O
e6 9. Re1 Bd6 10. Nbd2 N7f6 11. Nc4 Bc7 12. Nce5 Bh5 13. c3 O-O 14. Qb3 Rb8 15.
Bg5 h6 16. Bh4 g5 17. Bg3 Ne4 18. Bd3 Nxg3 19. hxg3 Bxf3 20. Nxf3 Kg7 21. Rad1
Qf6 22. Bb1 Rh8 23. Qc2 h5 24. Qe4 h4 25. gxh4 gxh4 26. Qg4+ Kf8 27. Ne5 Bxe5
28. dxe5 Qh6 29. c4 Nf4 30. Re4 Ng6 31. Qf3 Rg8 32. Rd7 Rg7 33. Kh2 Kg8 34. Qf6
b5 35. Red4 Rf8 36. Rd8 Qc1 37. Bxg6 1-0

[Event "chess.com Speed 1m+1spm 2018"]
[Site "chess.com INT"]
[Date "2018.08.02"]
[Round "1.22"]
[White "Dominguez Perez, Leinier"]
[Black "Vachier-Lagrave, Maxime"]
[Result "1/2-1/2"]
[WhiteTitle "GM"]
[BlackTitle "GM"]
[WhiteElo "2739"]
[BlackElo "2779"]
[WhiteFideId "3503240"]
[BlackFideId "623539"]
[EventDate "2018.07.24"]

1. d4 Nf6 2. Nf3 g6 3. e3 Bg7 4. Be2 O-O 5. O-O d5 6. b4 Nbd7 7. Bb2 Nb6 8. a4
a5 9. b5 Bf5 10. Nbd2 Ne4 11. c4 Nxd2 12. Nxd2 dxc4 13. Nxc4 Nxc4 14. Bxc4 Qd7
15. Qb3 c6 16. Rac1 Rac8 17. bxc6 bxc6 18. Ba3 Rb8 19. Qa2 Bf6 20. Rfd1 Kg7 21.
Be2 Rfc8 22. Bc5 Be6 23. Bc4 Bxc4 24. Qxc4 Qd5 25. Qc3 Ra8 26. Qc2 e5 27. e4 Qe6
28. dxe5 Bxe5 29. g3 Rd8 30. Rxd8 Rxd8 31. Be3 Bd4 32. Rd1 c5 33. Bxd4+ cxd4 34.
Qd3 Qc6 35. Qb5 Qxe4 36. Qxa5 Rd5 37. Qd2 d3 38. a5 Qd4 39. a6 Re5 40. Qf4 Re4
41. Qf3 d2 42. Kg2 Re1 43. a7 Qxa7 44. Qc3+ Kg8 45. Rxe1 dxe1=Q 46. Qxe1 Qa8+ 1/2-1/2

[Event "chess.com Speed 1m+1spm 2018"]
[Site "chess.com INT"]
[Date "2018.08.02"]
[Round "1.23"]
[White "Vachier-Lagrave, Maxime"]
[Black "Dominguez Perez, Leinier"]
[Result "1-0"]
[WhiteTitle "GM"]
[BlackTitle "GM"]
[WhiteElo "2779"]
[BlackElo "2739"]
[WhiteFideId "623539"]
[BlackFideId "3503240"]
[EventDate "2018.07.24"]

1. d4 Nf6 2. Nf3 d5 3. c4 e6 4. Nc3 c5 5. cxd5 Nxd5 6. e4 Nxc3 7. bxc3 cxd4 8.
cxd4 Bb4+ 9. Bd2 Bxd2+ 10. Qxd2 O-O 11. Bc4 Nd7 12. O-O b6 13. Rfe1 Bb7 14. Rad1
Rc8 15. Bb3 Re8 16. h4 h6 17. Qf4 Qc7 18. Qxc7 Rxc7 19. d5 Nc5 20. d6 Rd7 21.
Bc4 Red8 22. e5 Bxf3 23. gxf3 a6 24. f4 b5 25. Be2 f6 26. Bf3 Kf8 27. Re3 Ra7
28. Rc1 Nd7 29. Bg4 Kf7 30. f5 Nxe5 31. fxe6+ Kg6 32. e7 Re8 33. Rxe5 fxe5 34.
Rc6 Kf7 35. Bh5+ 1-0

[Event "chess.com Speed 1m+1spm 2018"]
[Site "chess.com INT"]
[Date "2018.08.02"]
[Round "1.24"]
[White "Dominguez Perez, Leinier"]
[Black "Vachier-Lagrave, Maxime"]
[Result "0-1"]
[WhiteTitle "GM"]
[BlackTitle "GM"]
[WhiteElo "2739"]
[BlackElo "2779"]
[WhiteFideId "3503240"]
[BlackFideId "623539"]
[EventDate "2018.07.24"]

1. d4 Nf6 2. Nf3 g6 3. e3 Bg7 4. Be2 O-O 5. O-O d6 6. c4 Bf5 7. Nc3 a5 8. b3 Nc6
9. Bb2 Ne4 10. Nxe4 Bxe4 11. Nd2 Bf5 12. Rc1 e5 13. d5 Nb4 14. e4 Bd7 15. a3 Na6
16. f4 exf4 17. Bxg7 Kxg7 18. Rxf4 Qe7 19. Nf3 Rae8 20. Qd4+ Kg8 21. Bd3 Nc5 22.
Bc2 f6 23. b4 axb4 24. axb4 Na6 25. Qc3 g5 26. e5 gxf4 27. e6 Bxe6 28. dxe6 Qxe6
29. Kh1 Qe3 30. Bd3 Nxb4 31. Rd1 Nxd3 32. Rxd3 Qe4 33. h3 Qg6 34. Qd2 Re3 35.
Rd4 Qg3 36. Re4 Rxf3 37. gxf3 Qxf3+ 38. Qg2+ Qxg2+ 39. Kxg2 Kf7 0-1

[Event "chess.com Speed 1m+1spm 2018"]
[Site "chess.com INT"]
[Date "2018.08.02"]
[Round "1.25"]
[White "Vachier-Lagrave, Maxime"]
[Black "Dominguez Perez, Leinier"]
[Result "1-0"]
[WhiteTitle "GM"]
[BlackTitle "GM"]
[WhiteElo "2779"]
[BlackElo "2739"]
[WhiteFideId "623539"]
[BlackFideId "3503240"]
[EventDate "2018.07.24"]

1. e4 Nf6 2. e5 Nd5 3. d4 d6 4. Nf3 dxe5 5. Nxe5 c6 6. Be2 Bf5 7. c3 Nd7 8. Nf3
e6 9. O-O Bd6 10. Re1 O-O 11. Nbd2 h6 12. Nc4 Bc7 13. a4 a5 14. Bd3 Qf6 15. Bxf5
Qxf5 16. Nfe5 Nxe5 17. Nxe5 Bxe5 18. Rxe5 Qf6 19. Qe2 Rfd8 20. Bd2 b6 21. Re1
Rab8 22. c4 Nb4 23. Bc3 Na2 24. Qe4 Nxc3 25. bxc3 c5 26. d5 exd5 27. cxd5 c4 28.
Qxc4 Rbc8 29. Qd4 Qd6 30. g3 Qa3 31. R1e3 Qb3 32. d6 Rd7 33. Re8+ Rxe8 34. Rxe8+
Kh7 35. Qd3+ g6 36. Qd4 f6 37. Qxf6 Qd1+ 38. Kg2 Qd5+ 39. f3 Rg7 40. Re7 1-0

[Event "chess.com Speed 1m+1spm 2018"]
[Site "chess.com INT"]
[Date "2018.08.02"]
[Round "1.26"]
[White "Dominguez Perez, Leinier"]
[Black "Vachier-Lagrave, Maxime"]
[Result "0-1"]
[WhiteTitle "GM"]
[BlackTitle "GM"]
[WhiteElo "2739"]
[BlackElo "2779"]
[WhiteFideId "3503240"]
[BlackFideId "623539"]
[EventDate "2018.07.24"]

1. e4 g6 2. Nf3 Bg7 3. d4 d6 4. Nc3 Nf6 5. Be3 O-O 6. Qd2 Bg4 7. Bh6 Bxf3 8.
gxf3 Bxh6 9. Qxh6 e5 10. O-O-O exd4 11. Rxd4 Nc6 12. Rd1 Qe7 13. h4 Kh8 14. h5
Ng8 15. Qe3 g5 16. Nd5 Qd8 17. h6 f6 18. f4 Nge7 19. fxg5 Nxd5 20. exd5 Ne5 21.
f4 Ng6 22. Bd3 fxg5 23. Bxg6 hxg6 24. fxg5 Kh7 25. Rhf1 Qd7 26. Qd4 Qe7 27. Kb1
Rxf1 28. Rxf1 Rf8 29. Rxf8 Qe1+ 0-1

[Event "chess.com Speed 1m+1spm 2018"]
[Site "chess.com INT"]
[Date "2018.08.02"]
[Round "1.27"]
[White "Vachier-Lagrave, Maxime"]
[Black "Dominguez Perez, Leinier"]
[Result "0-1"]
[WhiteTitle "GM"]
[BlackTitle "GM"]
[WhiteElo "2779"]
[BlackElo "2739"]
[WhiteFideId "623539"]
[BlackFideId "3503240"]
[EventDate "2018.07.24"]

1. c4 g6 2. h4 Bg7 3. h5 e5 4. Nc3 Nc6 5. d3 d6 6. g3 Be6 7. Bg2 Qd7 8. Nf3 Nf6
9. h6 Bf8 10. Bg5 Be7 11. Qa4 Ng4 12. Bxe7 Nxe7 13. Ng5 c6 14. Nxe6 fxe6 15. Ne4
O-O 16. Bf3 Nf6 17. c5 d5 18. Ng5 Nf5 19. e3 Qe7 20. Rc1 Nd7 21. Qg4 Nxc5 22.
Rd1 Rad8 23. Be2 Nd7 24. O-O Nf6 25. Qh3 Nd7 26. Nf3 Qf6 27. e4 Nd6 28. Nh2 Nf7
29. Bg4 Rde8 30. Nf3 Qe7 31. Rfe1 Nf6 32. exd5 exd5 33. Re2 Nxg4 34. Qxg4 Nxh6
35. Qh3 Nf7 36. Rde1 Qf6 37. Nh2 Ng5 38. Qg2 e4 39. dxe4 dxe4 40. Re3 Re7 41.
Qf1 Qxb2 42. f4 exf3 0-1

[Event "chess.com Speed 1m+1spm 2018"]
[Site "chess.com INT"]
[Date "2018.08.02"]
[Round "1.28"]
[White "Dominguez Perez, Leinier"]
[Black "Vachier-Lagrave, Maxime"]
[Result "1-0"]
[WhiteTitle "GM"]
[BlackTitle "GM"]
[WhiteElo "2739"]
[BlackElo "2779"]
[WhiteFideId "3503240"]
[BlackFideId "623539"]
[EventDate "2018.07.24"]

1. d4 b6 2. Nf3 Bb7 3. e3 Nf6 4. Bd3 e6 5. O-O c5 6. c4 Be7 7. Nc3 O-O 8. d5
exd5 9. cxd5 d6 10. e4 Nbd7 11. h3 Re8 12. Bf4 Bf8 13. Re1 a6 14. a4 Rc8 15. Qd2
c4 16. Bc2 Nc5 17. Rad1 g6 18. e5 dxe5 19. Bxe5 Bd6 20. Qd4 Bxe5 21. Nxe5 Nd3
22. Bxd3 cxd3 23. Rxd3 Rc5 24. b4 Rc8 25. d6 Re6 26. Red1 Nd7 27. Nxd7 Qxd7 28.
Qxb6 Rc4 29. Nd5 Kg7 30. Ne3 Rf4 31. Qc7 Qxc7 32. dxc7 Rc6 33. Rd7 Rxb4 34. Re7
Rb2 35. Ng4 h5 36. Rxf7+ Kxf7 37. Ne5+ 1-0

[Event "chess.com Speed 1m+1spm 2018"]
[Site "chess.com INT"]
[Date "2018.08.02"]
[Round "1.29"]
[White "Vachier-Lagrave, Maxime"]
[Black "Dominguez Perez, Leinier"]
[Result "1-0"]
[WhiteTitle "GM"]
[BlackTitle "GM"]
[WhiteElo "2779"]
[BlackElo "2739"]
[WhiteFideId "623539"]
[BlackFideId "3503240"]
[EventDate "2018.07.24"]

1. g3 d5 2. Bg2 e6 3. Nf3 Nf6 4. O-O Be7 5. b3 O-O 6. Bb2 c5 7. e3 Nc6 8. c4 d4
9. exd4 cxd4 10. d3 e5 11. a3 a5 12. Nbd2 Bf5 13. Re1 Nd7 14. Ne4 Bg6 15. h4 h6
16. Rc1 f5 17. Ned2 Nc5 18. Nxe5 Nxe5 19. Rxe5 Nxd3 20. Rd5 Nxb2 21. Rxd8 Nxd1
22. Rxa8 Rxa8 23. Rxd1 Bxa3 24. Bxb7 Rb8 25. Bd5+ Kf8 26. Nf3 Bc5 27. Ne5 Be8
28. Nd3 Be7 29. c5 Bb5 30. Nf4 Bd7 31. c6 Bc8 32. Ng6+ 1-0

[Event "chess.com Speed 1m+1spm 2018"]
[Site "chess.com INT"]
[Date "2018.08.02"]
[Round "1.30"]
[White "Dominguez Perez, Leinier"]
[Black "Vachier-Lagrave, Maxime"]
[Result "0-1"]
[WhiteTitle "GM"]
[BlackTitle "GM"]
[WhiteElo "2739"]
[BlackElo "2779"]
[WhiteFideId "3503240"]
[BlackFideId "623539"]
[EventDate "2018.07.24"]

1. d4 d6 2. Nf3 Nf6 3. e3 g6 4. Be2 Bg7 5. O-O O-O 6. c4 c5 7. Nc3 cxd4 8. Nxd4
Nc6 9. Nc2 Bf5 10. f3 d5 11. cxd5 Bxc2 12. Qxc2 Nxd5 13. Rd1 Ndb4 14. Qb3 Qb6
15. a3 Na6 16. Qxb6 axb6 17. Nd5 Rad8 18. Rb1 Nc5 19. Nxb6 Rxd1+ 20. Bxd1 Rd8
21. Be2 Nb3 22. Kf2 Ne5 23. Nc4 Rc8 24. Nxe5 Bxe5 25. f4 Bg7 0-1

[Event "chess.com Speed 1m+1spm 2018"]
[Site "chess.com INT"]
[Date "2018.08.02"]
[Round "1.31"]
[White "Vachier-Lagrave, Maxime"]
[Black "Dominguez Perez, Leinier"]
[Result "1-0"]
[WhiteTitle "GM"]
[BlackTitle "GM"]
[WhiteElo "2779"]
[BlackElo "2739"]
[WhiteFideId "623539"]
[BlackFideId "3503240"]
[EventDate "2018.07.24"]

1. Nf3 d5 2. g3 Nf6 3. Bg2 g6 4. O-O Bg7 5. d4 O-O 6. c4 dxc4 7. Na3 Nc6 8. Nxc4
Be6 9. b3 Bd5 10. Bb2 a5 11. Rc1 a4 12. bxa4 b6 13. e3 e6 14. Nfd2 Bxg2 15. Kxg2
Nd5 16. Qb3 Na5 17. Nxa5 Rxa5 18. Nc4 Ra6 19. e4 Ne7 20. Rfd1 Qa8 21. f3 Rxa4
22. a3 Rd8 23. Ne3 Ra7 24. h4 h5 25. g4 hxg4 26. Nxg4 Nc6 27. d5 exd5 28. Bxg7
Kxg7 29. exd5 Rxa3 30. Qb2+ Kg8 31. Nf6+ Kf8 32. Ra1 Rxa1 33. Rxa1 Na5 34. Re1
Nc4 35. Qc1 Qa2+ 36. Kg3 Qd2 37. Qa1 Qb2 38. Qxb2 Nxb2 39. Rc1 Kg7 40. Rc6 Nd3
41. h5 Ne5 42. h6+ Kxh6 43. Rxc7 Kg7 44. Ne4 Rxd5 45. f4 Rd3+ 46. Kg2 Ng4 47.
Ng5 Nh6 48. Rb7 Rb3 49. Ne6+ Kf6 50. Nd4 Rb4 51. Ne2 Nf5 52. Nc3 Rb2+ 53. Kf3
Rb3 54. Rxb6+ Rxb6 55. Nd5+ Ke6 56. Nxb6 Ne7 57. Nc4 Kd5 58. Ne3+ Ke6 59. Ke4
Nf5 60. Nxf5 gxf5+ 61. Kd4 Kf6 62. Kd5 Kg6 63. Ke5 Kg7 64. Kxf5 Kf8 65. Kf6 Ke8
66. Kg7 Ke7 67. f5 Ke8 68. f6 1-0

[Event "chess.com Speed 5m+1spm 2018"]
[Site "chess.com INT"]
[Date "2018.08.07"]
[Round "1.1"]
[White "Nepomniachtchi, Ian"]
[Black "Grischuk, Alexander"]
[Result "1-0"]
[WhiteTitle "GM"]
[BlackTitle "GM"]
[WhiteElo "2757"]
[BlackElo "2766"]
[WhiteFideId "4168119"]
[BlackFideId "4126025"]
[EventDate "2018.07.24"]

1. e4 e5 2. Nf3 Nc6 3. Bb5 Nf6 4. d3 Bc5 5. Nbd2 d6 6. O-O O-O 7. c3 Ne7 8. d4
exd4 9. cxd4 Bb6 10. Re1 Bg4 11. h3 Bh5 12. Qb3 Nc6 13. Qa4 Re8 14. Bxc6 bxc6
15. Qxc6 Rb8 16. b3 Re6 17. Qc3 Bxf3 18. Nxf3 Nxe4 19. Qc2 d5 20. Bf4 h6 21.
Rac1 Rc8 22. Qd3 c5 23. Be3 Rec6 24. dxc5 Bxc5 25. Bxc5 Nxc5 26. Qe3 Qb6 27. Nd4
R6c7 28. Nf5 Kh7 29. Rcd1 Ne6 30. Rxd5 Qxe3 31. Nxe3 Rc5 32. Rxc5 Rxc5 33. Rd1
a5 34. Rd5 Rc1+ 35. Kh2 Nc5 36. Nc4 Ne4 37. f3 Nc3 38. Rxa5 Rc2 39. a4 Ne2 40.
Rd5 Nf4 41. Rd2 Rc3 42. a5 Rxb3 43. a6 Rb4 44. Ra2 Rxc4 45. a7 Rc8 46. a8=Q Rxa8
47. Rxa8 g5 48. Ra7 Kg6 49. Ra6+ Kg7 50. g3 Nd3 51. Kg2 f6 52. Kf1 h5 53. Ke2
Ne5 54. Ke3 Kg6 55. Ke4 Nc4 56. f4 Nd2+ 57. Ke3 Nc4+ 58. Kd3 Nb2+ 59. Ke4 gxf4
60. gxf4 Nc4 61. f5+ Kg5 62. h4+ Kxh4 63. Rxf6 1-0

[Event "chess.com Speed 5m+1spm 2018"]
[Site "chess.com INT"]
[Date "2018.08.07"]
[Round "1.2"]
[White "Grischuk, Alexander"]
[Black "Nepomniachtchi, Ian"]
[Result "1-0"]
[WhiteTitle "GM"]
[BlackTitle "GM"]
[WhiteElo "2766"]
[BlackElo "2757"]
[WhiteFideId "4126025"]
[BlackFideId "4168119"]
[EventDate "2018.07.24"]

1. d4 Nf6 2. c4 g6 3. Nc3 d5 4. cxd5 Nxd5 5. e4 Nxc3 6. bxc3 Bg7 7. Nf3 c5 8.
Rb1 O-O 9. Be2 b6 10. O-O Bb7 11. d5 Bxc3 12. h4 Nd7 13. Bf4 Bg7 14. Bc4 Qc8 15.
e5 Ba6 16. Qe2 Bxc4 17. Qxc4 Qb7 18. h5 Rae8 19. hxg6 hxg6 20. Ng5 b5 21. Rxb5
Nb6 22. Qb3 Qc8 23. e6 f6 24. Nf7 c4 25. Qg3 g5 26. Be3 Qa6 27. Rfb1 Rc8 28.
Bxb6 axb6 29. Rxb6 Qxa2 30. d6 exd6 31. Nxd6 Rc7 32. Nf5 Rc5 33. Ne7+ Kh7 34.
Qh3+ Bh6 35. Qh5 Qc2 36. Rb7 Rc7 37. Rxc7 Qxb1+ 38. Kh2 1-0